El taco de ébano / (Registro nro. 150)
[ vista simple ]
| 000 -LEADER | |
|---|---|
| fixed length control field | 01103nam a22002057a 4500 |
| 003 - CONTROL NUMBER IDENTIFIER | |
| control field | OSt |
| 005 - DATE AND TIME OF LATEST TRANSACTION | |
| control field | 20231212104651.0 |
| 008 - FIXED-LENGTH DATA ELEMENTS--GENERAL INFORMATION | |
| fixed length control field | 231121s2017 ag ||||| |||| 00| 1 spa d |
| 020 ## - INTERNATIONAL STANDARD BOOK NUMBER | |
| International Standard Book Number | 9789877022407 |
| 040 ## - CATALOGING SOURCE | |
| Transcribing agency | besoc |
| 100 1# - MAIN ENTRY--PERSONAL NAME | |
| Personal name | Riestra, Jorge, |
| Dates associated with a name | (1926-2016), |
| Relator term | autor |
| 245 13 - TITLE STATEMENT | |
| Title | El taco de ébano / |
| Statement of responsibility, etc. | Jorge Riestra |
| 260 ## - PUBLICATION, DISTRIBUTION, ETC. | |
| Place of publication, distribution, etc. | Rosario : |
| Name of publisher, distributor, etc. | UNR Editora, |
| Date of publication, distribution, etc. | 2017 |
| 300 ## - PHYSICAL DESCRIPTION | |
| Extent | 174 p. |
| 490 0# - SERIES STATEMENT | |
| Series statement | Confingere |
| 505 0# - FORMATTED CONTENTS NOTE | |
| Formatted contents note | Prólogo : un escritor moderno / Agustín Alzari -- El taco de ébano -- Los años -- El último verano -- Los viejos lugares.- |
| 520 ## - SUMMARY, ETC. | |
| Summary, etc. | Este libro compuesto de cuatro relatos condensa, temática y cualitativamente, toda la obra de Jorge Riestra: el culto a la amistad, el espacio del café de billares, la nostalgia del barrio y las fogatas, el deslumbramiento por las luces de la ciudad vista desde lejos. Las épocas mueren como las personas, dice Riestra, que reconstruyó un mundo para que, a través de ese artificio que llamamos literatura, sobreviva. [Nota del editor] |
| 650 #4 - SUBJECT ADDED ENTRY--TOPICAL TERM | |
| Topical term or geographic name entry element | Literatura argentina |
| Form subdivision | Cuentos |
| Chronological subdivision | Siglo XXI |
| General subdivision | Colección local |
| 942 ## - ADDED ENTRY ELEMENTS (KOHA) | |
| Source of classification or shelving scheme | Universal Decimal Classification |
| Koha item type | Obra General |
| Suppress in OPAC | No |
| Withdrawn status | Lost status | Source of classification or shelving scheme | Damaged status | Not for loan | Collection | Home library | Current library | Date acquired | Total checkouts | Full call number | Barcode | Date last seen | Price effective from | Koha item type |
|---|---|---|---|---|---|---|---|---|---|---|---|---|---|---|
| Universal Decimal Classification | Colección General | Biblioteca Escuela de Ciencias Sociales | Biblioteca Escuela de Ciencias Sociales | 12/12/2023 | 82-34(821.6) R562 | 000179 | 12/12/2023 | 12/12/2023 | Obra General |